Introduction to Statistics: a fresh approach

Đã lưu trong:
Chi tiết về thư mục
Tác giả chính: Noether, Gottfried E. (Gottfried Emanuel) (Tác giả)
Định dạng: Sách
Ngôn ngữ:Tiếng Anh
Được phát hành: Boston Houghton Mifflin Company 1971
Phiên bản:1a. ed
Những chủ đề:
Các nhãn: Thêm thẻ
Không có thẻ, Là người đầu tiên thẻ bản ghi này!

MARC

LEADER 00000cam a2200000 a 4500
001 UCC2007
003 CL-VaPUC
008 171230e19710000us |||||||||||||||||eng|d
020 |a 0395050014 
082 0 4 |a 519.5  |b NOE  |2 21 
100 |a Noether, Gottfried E.  |q (Gottfried Emanuel)  |e author  |9 564691 
245 1 0 |a Introduction to Statistics: a fresh approach 
250 |a 1a. ed 
300 |a 253 p 
942 |c BK 
945 |d 20171230 00:11:00  |a dcastane 
260 |a Boston  |b Houghton Mifflin Company  |c 1971 
650 0 |a Estadísticas  |9 258644 
650 0 |a Probabilidades   |9 260199 
583 |a last modification  |c 20171230 00:11:00  |k Rodrigo Vera 
999 |c 370327  |d 370325 
952 |0 0  |1 0  |3 erd  |4 0  |6 519_500000000000000_NOE_1971  |7 0  |8 A  |9 486719  |a BIBALI  |b BIBALI  |c GEN  |i 5443067  |o 519.5 NOE 1971  |p 5443067  |r 2025-01-20  |w 2019-11-24  |y BK  |z Catalogado en:20171230  |k ALI